[Event "It"]
[Site "Pamplona ESP"]
[Date "2001.12.27"]
[Round "1"]
[White "Conquest,S"]
[Black "Leitao,R"]
[Result "1/2-1/2"]
[WhiteElo "2601"]
[BlackElo "2581"]
[EventDate "2001.12.27"]

1. d4 Nf6 2. c4 e6 3. Nc3 Bb4 4. Nf3 b6 5. Qb3 c5 6. Bg5 Nc6 7. O-O-O Na5
8. Qc2 Bxc3 9. bxc3 cxd4 10. Rxd4 Nc6 11. Rh4 Bb7 12. e3 Qe7 13. Bd3 h6 14.
Kb1 O-O-O 15. Bxf6 Qxf6 16. c5 bxc5 17. Rf4 Qe7 18. Ka1 Kb8 19. Ra4 Ka8 20.
Qb2 d5 21. Bb5 Rd7 22. Rb1 Rc7 23. Qa3 f6 24. Ne1 c4 25. Qb2 Rb8 26. Nc2
Rcc8 27. f4 Qc5 28. g3 g5 29. Qc1 Rc7 30. Qb2 Rcc8 31. Qc1 Rc7 32. Qb2
1/2-1/2

[Event "It"]
[Site "Pamplona ESP"]
[Date "2001.12.27"]
[Round "1"]
[White "Andersson,U"]
[Black "Fressinet,L"]
[Result "1/2-1/2"]
[WhiteElo "2601"]
[BlackElo "2588"]
[EventDate "2001.12.27"]

1. Nf3 d5 2. d4 Nf6 3. c4 e6 4. g3 dxc4 5. Qa4+ c6 6. Qxc4 b5 7. Qd3 Bb7 8.
Bg5 Nbd7 9. Bg2 Qb6 10. O-O c5 11. dxc5 Nxc5 12. Qd4 Rd8 13. Qe3 Be7
1/2-1/2

[Event "It"]
[Site "Pamplona ESP"]
[Date "2001.12.27"]
[Round "1"]
[White "Moreno Carnero,J"]
[Black "Narciso Dublan,M"]
[Result "1/2-1/2"]
[WhiteElo "2514"]
[BlackElo "2517"]
[EventDate "2001.12.27"]

1. e4 d6 2. d4 Nf6 3. Nc3 g6 4. f4 Bg7 5. a3 O-O 6. Nf3 Bg4 7. h3 Bxf3 8.
Qxf3 Nfd7 9. e5 c5 10. Qxb7 cxd4 11. Nb5 Qb6 12. Qxb6 axb6 13. exd6 exd6
14. Bd2 1/2-1/2

[Event "It"]
[Site "Pamplona ESP"]
[Date "2001.12.28"]
[Round "2"]
[White "Bologan,V"]
[Black "Radjabov,T"]
[Result "1/2-1/2"]
[WhiteElo "2668"]
[BlackElo "2567"]
[EventDate "2001.12.27"]

1. Nf3 Nf6 2. c4 g6 3. g3 Bg7 4. Bg2 O-O 5. O-O d6 6. Nc3 Nc6 7. d4 a6 8.
h3 Bd7 9. e4 e5 10. dxe5 dxe5 11. Re1 h6 12. Nd5 Nh7 13. Be3 Ng5 14. Nxg5
hxg5 15. Qb3 Rb8 16. Rad1 Nd4 17. Bxd4 exd4 18. e5 c6 19. Nf6+ Bxf6 20.
exf6 Qxf6 21. Qb6 Rfe8 22. Rf1 Bf5 23. Rxd4 Re2 24. g4 Be6 25. a4 Re8 26.
b3 Kg7 27. Rd3 Bc8 28. Bf3 Rb2 29. Kg2 Qf4 30. Qb4 Rc2 31. Qa3 Qe5 32. Kg1
Qf4 33. Qa1+ Qf6 34. Qd1 Rc3 35. Kg2 Rxd3 36. Qxd3 Rd8 37. Qe3 Qf4 38. Qc3+
Qf6 39. Qe3 Qf4 40. Qc3+ Qf6 1/2-1/2

[Event "It"]
[Site "Pamplona ESP"]
[Date "2001.12.28"]
[Round "2"]
[White "Leitao,R"]
[Black "Almasi,Z"]
[Result "1/2-1/2"]
[WhiteElo "2581"]
[BlackElo "2630"]
[EventDate "2001.12.27"]

1. e4 e5 2. Nf3 Nc6 3. Bb5 Nf6 4. O-O Nxe4 5. d4 Nd6 6. Bxc6 dxc6 7. dxe5
Nf5 8. Qxd8+ Kxd8 9. Nc3 h6 10. h3 Bd7 11. b3 Ke8 12. Bb2 Rd8 13. Rad1 Ne7
14. Rfe1 Ng6 15. Ne4 c5 16. Ng3 Nf4 17. e6 Bxe6 18. Be5 Ng6 19. Bxc7 Rxd1
20. Rxd1 Be7 21. Bb8 f5 22. Bxa7 Kf7 23. Bb6 Rc8 24. a4 Bf6 25. Ne2 f4 26.
Ba5 Bf5 27. Rd2 Re8 28. Bc7 c4 29. bxc4 Rc8 30. Bxf4 Rxc4 31. Be3 Rxc2 32.
Rxc2 Bxc2 33. a5 Ne5 34. Nxe5+ Bxe5 35. Bd4 Bd1 36. Bxe5 1/2-1/2

[Event "It"]
[Site "Pamplona ESP"]
[Date "2001.12.28"]
[Round "2"]
[White "Fressinet,L"]
[Black "Conquest,S"]
[Result "1-0"]
[WhiteElo "2588"]
[BlackElo "2601"]
[EventDate "2001.12.27"]

1. e4 Nf6 2. e5 Nd5 3. d4 d6 4. Nf3 c6 5. h3 Bf5 6. Be2 e6 7. a3 dxe5 8.
Nxe5 Nd7 9. c4 N5f6 10. Nf3 Bd6 11. O-O h6 12. Nc3 O-O 13. Be3 Qe7 14. Re1
Rfd8 15. b4 a5 16. c5 Bc7 17. Qb3 Ne4 18. b5 Nxc3 19. Qxc3 cxb5 20. d5 exd5
21. Bxb5 Be6 22. Bd4 Nf6 23. Bd3 Ne4 24. Bxe4 dxe4 25. Rxe4 Qf8 26. Rae1
Ra6 27. Ne5 Rd5 28. Qb2 Bxe5 29. Rxe5 Ra8 30. R1e3 Rxe5 31. Bxe5 f6 32.
Bxf6 Qxf6 33. Qxf6 gxf6 34. Rxe6 Rc8 35. Rxf6 Rxc5 36. Rxh6 b5 37. Rb6 Kf7
38. g4 Ke7 39. h4 Kd7 40. h5 Kc7 41. Ra6 b4 42. axb4 axb4 43. Kg2 b3 44.
Ra1 Kd6 45. Rb1 1-0

[Event "It"]
[Site "Pamplona ESP"]
[Date "2001.12.28"]
[Round "2"]
[White "Narciso Dublan,M"]
[Black "Andersson,U"]
[Result "0-1"]
[WhiteElo "2517"]
[BlackElo "2601"]
[EventDate "2001.12.27"]

1. e4 c5 2. Nf3 e6 3. d4 cxd4 4. Nxd4 Nc6 5. Nc3 a6 6. Be3 Qc7 7. Qd2 Nf6
8. O-O-O Bb4 9. f3 Ne7 10. a3 Bxc3 11. Qxc3 Qxc3 12. bxc3 e5 13. Nf5 Nxf5
14. exf5 b5 15. c4 d5 16. cxb5 axb5 17. Bxb5+ Bd7 18. Bxd7+ Kxd7 19. Rd3 d4
20. f4 Nd5 21. Bd2 f6 22. Re1 Kd6 23. fxe5+ fxe5 24. Kb2 Rhb8+ 25. Rb3 Nb6
26. Kc1 Nc4 27. Rxb8 Rxb8 28. Bb4+ Kd5 29. Re2 e4 30. g4 e3 31. Rg2 Ke4 32.
Kd1 Rc8 33. Rg3 Nb2+ 34. Kc1 Nd3+ 35. Kd1 Nf2+ 0-1

[Event "It"]
[Site "Pamplona ESP"]
[Date "2001.12.28"]
[Round "2"]
[White "De la Riva Aguado,O"]
[Black "Moreno Carnero,J"]
[Result "1/2-1/2"]
[WhiteElo "2495"]
[BlackElo "2514"]
[EventDate "2001.12.27"]

1. e4 e5 2. Nc3 Nf6 3. f4 d5 4. fxe5 Nxe4 5. Nf3 Bc5 6. Qe2 Bf2+ 7. Kd1
Nxc3+ 8. dxc3 Bb6 9. Qe1 Bf5 10. Qg3 O-O 1/2-1/2

[Event "It"]
[Site "Pamplona ESP"]
[Date "2001.12.29"]
[Round "3"]
[White "Andersson,U"]
[Black "De la Riva Aguado,O"]
[Result "1-0"]
[WhiteElo "2601"]
[BlackElo "2495"]
[EventDate "2001.12.27"]

1. Nf3 f5 2. g3 Nf6 3. Bg2 g6 4. d4 Bg7 5. O-O O-O 6. c4 d6 7. Nc3 c6 8. d5
e5 9. dxe6 Bxe6 10. b3 Na6 11. Bb2 Qe7 12. Ng5 Rad8 13. Nxe6 Qxe6 14. Qc2
Rfe8 15. Rad1 Nc5 16. e3 Rd7 17. b4 Nce4 18. Nxe4 fxe4 19. b5 cxb5 20. cxb5
h5 21. Rd2 Qxa2 22. Ra1 Qe6 23. Rxa7 d5 24. Qb3 Ng4 25. Bxg7 Kxg7 26. Bh3
Rc8 27. Qd1 Rc4 28. Ra1 Qf6 29. Rb1 Qf5 30. b6 Rc5 31. Rb4 Kh7 32. Rbd4 Rd6
33. Bxg4 Qxg4 34. Qxg4 hxg4 35. Rxe4 Rxb6 36. Rxg4 Kg7 37. h4 Kf6 38. Kg2
Re6 39. Rgd4 Re5 40. Rb4 Rc7 41. Rb6+ 1-0

[Event "It"]
[Site "Pamplona ESP"]
[Date "2001.12.29"]
[Round "3"]
[White "Radjabov,T"]
[Black "Leitao,R"]
[Result "1-0"]
[WhiteElo "2567"]
[BlackElo "2581"]
[EventDate "2001.12.27"]

1. d4 Nf6 2. c4 e6 3. Nc3 Bb4 4. e3 b6 5. Bd3 Bb7 6. Nf3 Ne4 7. O-O f5 8.
Ne2 Bd6 9. b3 Qf6 10. Bb2 Nc6 11. Ng3 Bxg3 12. hxg3 O-O 13. Rc1 Rae8 14.
Qe2 Qh6 15. Rfd1 Kh8 16. d5 Nd8 17. Nd4 Nf6 18. f3 Nh5 19. Qf2 a6 20. c5
Bxd5 21. cxb6 cxb6 22. Rc7 Nf7 23. Rxd7 Nf6 24. Ra7 Ne5 25. Qe2 Nh5 26. Qe1
Nf6 27. Qd2 Qg6 28. Ne2 Nxd3 29. Qxd3 e5 30. Qxa6 f4 31. exf4 Qc2 32. Rxd5
exf4 33. Qb7 Rg8 34. Bxf6 Qb1+ 35. Kh2 1-0

[Event "It"]
[Site "Pamplona ESP"]
[Date "2001.12.29"]
[Round "3"]
[White "Conquest,S"]
[Black "Narciso Dublan,M"]
[Result "1-0"]
[WhiteElo "2601"]
[BlackElo "2517"]
[EventDate "2001.12.27"]

1. e4 e5 2. Nf3 Nc6 3. Bc4 Bc5 4. b4 Bxb4 5. c3 Ba5 6. d4 exd4 7. Qb3 Qf6
8. O-O d3 9. e5 Qg6 10. Nbd2 Nge7 11. Re1 O-O 12. Ne4 d5 13. exd6 cxd6 14.
Bxd3 d5 15. Nc5 Qh5 16. Bg5 Ng6 17. Bd2 Bb6 18. Qb5 Bg4 19. Ng5 h6 20. h3
hxg5 21. hxg4 Qxg4 22. Be2 Qf5 23. Bd3 Qf6 24. Be3 Nge5 25. Be2 Rfe8 26.
Rad1 Rad8 27. Qb3 Na5 28. Qb5 Qc6 29. Bd4 Nec4 30. Qb4 Nd6 31. Nb3 Nac4 32.
Bxb6 axb6 33. Bf3 Ne4 34. Bxe4 dxe4 35. Rxd8 Rxd8 36. Qe7 Ra8 37. Rxe4 Rxa2
38. Qd8+ Kh7 39. Qd3 Qg6 40. Qh3+ Qh6 41. Qxh6+ gxh6 42. Rxc4 Rc2 43. Nd4
Rc1+ 44. Kh2 h5 45. Rc7 Kg6 46. Nb5 Rc2 47. f3 f5 48. Rxb7 g4 49. Rxb6+ Kg5
50. Nd4 1-0

[Event "It"]
[Site "Pamplona ESP"]
[Date "2001.12.30"]
[Round "4"]
[White "Fressinet,L"]
[Black "Radjabov,T"]
[Result "0-1"]
[WhiteElo "2588"]
[BlackElo "2567"]
[EventDate "2001.12.27"]

1. e4 e6 2. d4 d5 3. Nc3 Nf6 4. Bg5 dxe4 5. Nxe4 Be7 6. Bxf6 Bxf6 7. Nf3
Nd7 8. Qd2 O-O 9. O-O-O Be7 10. Bc4 c5 11. Rhe1 cxd4 12. Nxd4 Nb6 13. Bb3
Bd7 14. Qf4 a5 15. Qg3 a4 16. Bxe6 fxe6 17. Nxe6 Bxe6 18. Rxd8 Bxd8 19. Nd6
Bd5 20. Re8 Rxe8 21. Nxe8 Bg5+ 22. Qxg5 Rxe8 23. b3 Bc6 24. Kb2 Nd5 25. Qd2
Nf6 26. f3 Nd5 27. h4 Ra8 28. c4 Nf6 29. b4 a3+ 30. Kc3 Rc8 31. Qc1 Bd5 32.
Qxa3 Bxc4 33. Kd2 Rd8+ 34. Ke1 Re8+ 35. Kf2 Re2+ 36. Kg1 Rxa2 37. Qe3 b5
38. g4 Re2 39. Qc5 Kf7 40. Qf5 g6 41. Qf4 Ke6 42. Qc7 h5 43. Qd8 Kf7 44. g5
Nd5 45. Qh8 Ne7 46. Qh7+ Ke6 47. Qg7 Kd5 48. Qf6 Re6 49. Qg7 Nf5 50. Qa7
Ke5 51. Kf2 Rd6 52. Qa1+ Ke6 53. Qh8 Kf7 54. Qe5 Re6 55. Qc7+ Re7 56. Qb6
Kg7 0-1

[Event "It"]
[Site "Pamplona ESP"]
[Date "2001.12.30"]
[Round "4"]
[White "Bologan,V"]
[Black "Leitao,R"]
[Result "1-0"]
[WhiteElo "2668"]
[BlackElo "2581"]
[EventDate "2001.12.27"]

1. e4 c5 2. Nf3 Nc6 3. Bb5 d6 4. Bxc6+ bxc6 5. O-O Bg4 6. d3 e5 7. Nbd2 Nf6
8. h3 Bh5 9. c3 Be7 10. Qa4 Qc7 11. d4 exd4 12. cxd4 Nd7 13. b3 a5 14. Bb2
O-O 15. Rac1 Rfe8 16. Rfe1 Bf8 17. Qc4 Qb7 18. Qc2 a4 19. Nh4 axb3 20. axb3
f6 21. e5 dxe5 22. dxe5 Nxe5 23. Bxe5 fxe5 24. Ne4 h6 25. Nxc5 Bxc5 26.
Qxc5 Qxb3 27. Nf5 Qe6 28. Nd4 Qf7 29. Nxc6 e4 30. Ne5 Qf5 31. Qc4+ Kh7 32.
Qxe4 Qxe4 33. Rxe4 Re7 34. Rc5 Ra2 35. g4 Be8 36. Kg2 Ra6 37. Kg3 g6 38.
Re3 Kg7 39. f4 Ra1 40. f5 gxf5 41. gxf5 Rf1 42. Rf3 Rxf3+ 43. Kxf3 Ra7 44.
Kf4 Ra4+ 45. Rc4 Ra7 46. Rb4 Bf7 47. Rd4 Be8 48. Nc4 Bf7 49. Nd6 Kf6 50.
Ne4+ Kg7 51. h4 Rb7 52. Ra4 Rc7 53. Nd6 Rd7 54. Ra6 Kf6 55. Nc4+ Kg7 56.
f6+ Kh7 57. Ne5 Rb7 58. Kf5 Bb3 59. Rc6 Ba2 60. Rc8 Ra7 61. Re8 Bb1+ 62.
Kf4 Ra4+ 63. Kg3 Ra3+ 64. Kf2 Ra2+ 65. Ke1 Ra5 66. Re7+ Kh8 67. Kd2 Ra8 68.
Rg7 1-0

[Event "It"]
[Site "Pamplona ESP"]
[Date "2001.12.30"]
[Round "4"]
[White "Moreno Carnero,J"]
[Black "Andersson,U"]
[Result "1/2-1/2"]
[WhiteElo "2514"]
[BlackElo "2601"]
[EventDate "2001.12.27"]

1. e4 c5 2. Nf3 e6 3. d4 cxd4 4. Nxd4 Nc6 5. Nc3 a6 6. Nxc6 bxc6 7. Bd3 d5
8. O-O Nf6 9. Qe2 Be7 10. b3 O-O 11. Bb2 Bb7 12. Rad1 Qc7 13. Na4 1/2-1/2

[Event "It"]
[Site "Pamplona ESP"]
[Date "2001.12.30"]
[Round "4"]
[White "Narciso Dublan,M"]
[Black "Almasi,Z"]
[Result "0-1"]
[WhiteElo "2517"]
[BlackElo "2630"]
[EventDate "2001.12.27"]

1. d4 Nf6 2. c4 e6 3. Nc3 Bb4 4. e3 O-O 5. Nge2 d5 6. a3 Be7 7. cxd5 exd5
8. g3 Re8 9. Bg2 a5 10. O-O Na6 11. Qc2 Bf8 12. Bd2 c6 13. Rad1 b5 14. Bc1
g6 15. Nf4 Bf5 16. Qe2 Qb8 17. b3 b4 18. axb4 Qxb4 19. Bd2 Qxb3 20. Bh3
Bxh3 21. Nxh3 Qc2 22. Nf4 Nb4 23. Ra1 Bd6 24. Qd1 Bxf4 25. gxf4 Qf5 26. Kh1
Nd3 27. f3 Nb2 28. Qe2 Nc4 29. Ra2 Nh5 30. e4 Qf6 31. Qf2 Nxd2 32. Qxd2
Nxf4 33. e5 Qf5 34. Rfa1 Reb8 35. Ra3 Kg7 36. Rf1 Rb4 37. Raa1 Rab8 38. Nd1
Ne6 39. Rxa5 Rxd4 40. Qe2 Rb1 0-1

[Event "It"]
[Site "Pamplona ESP"]
[Date "2001.12.30"]
[Round "4"]
[White "De la Riva Aguado,O"]
[Black "Conquest,S"]
[Result "1-0"]
[WhiteElo "2495"]
[BlackElo "2601"]
[EventDate "2001.12.27"]

1. e4 g6 2. d4 Bg7 3. Nf3 d6 4. Nc3 c6 5. Be3 b5 6. Qd2 Nd7 7. Bd3 Nb6 8.
h3 a5 9. O-O Nf6 10. e5 Nfd5 11. Bh6 O-O 12. Nxd5 Nxd5 13. c3 f6 14. Bxg7
Kxg7 15. Be4 Be6 16. Rfe1 Bg8 17. exf6+ exf6 18. a3 Ra7 19. Bxd5 Bxd5 20.
Qf4 g5 21. Qg3 Kh8 22. Nd2 Rg7 23. b3 g4 24. Qh4 gxh3 25. g3 Qd7 26. Kh2
Qf5 27. Re2 Bf3 28. Re3 Bg4 29. Rf1 c5 30. Ne4 cxd4 31. cxd4 Qd5 32. f3
Qxd4 33. Re2 Qd3 34. Ref2 Bc8 35. Nxf6 Rgf7 36. Ne4 Bb7 37. Ng5 Rf6 38. Re1
h6 39. Ne6 Bxf3 40. Nxf8 1-0

[Event "It"]
[Site "Pamplona ESP"]
[Date "2002.01.01"]
[Round "5"]
[White "Andersson,U"]
[Black "Bologan,V"]
[Result "1/2-1/2"]
[WhiteElo "2601"]
[BlackElo "2668"]
[EventDate "2001.12.27"]

1. Nf3 g6 2. d4 Bg7 3. g3 Nf6 4. Bg2 O-O 5. O-O d6 6. Re1 Nbd7 7. e4 e5 8.
dxe5 dxe5 9. Nbd2 b6 10. b3 Bb7 11. Bb2 Re8 12. Qe2 a5 1/2-1/2

[Event "It"]
[Site "Pamplona ESP"]
[Date "2002.01.01"]
[Round "5"]
[White "Radjabov,T"]
[Black "Narciso Dublan,M"]
[Result "1/2-1/2"]
[WhiteElo "2567"]
[BlackElo "2517"]
[EventDate "2001.12.27"]

1. d4 d5 2. c4 e6 3. Nf3 c5 4. e3 Nf6 5. Nc3 Nc6 6. dxc5 Bxc5 7. a3 a5 8.
b3 O-O 9. Bb2 Qe7 10. cxd5 exd5 11. Be2 Be6 12. O-O Rac8 13. Nb5 Ne4 14.
Nbd4 Nxd4 15. Nxd4 Bd6 16. Bf3 Bd7 17. Qe2 Rc7 18. g3 Rfc8 19. Rfd1 g6 20.
Qe1 b6 21. Bg2 h5 22. a4 h4 23. Rac1 hxg3 24. hxg3 Rxc1 25. Rxc1 Rxc1 26.
Qxc1 Bc5 27. Qc2 Kh7 28. Ba1 Bd6 29. Nc6 Bxc6 30. Qxc6 Be5 31. Bxe4 Bxa1
32. Bxd5 Kg7 33. Qxb6 Bc3 34. Qc6 Qf6 35. Qc4 Be1 36. Qe2 Bb4 37. Kg2 Qf5
38. e4 Qf6 39. e5 Qf5 40. f4 g5 41. Be4 Qe6 42. Qf3 gxf4 43. gxf4 Kf8 44.
Kf1 Qc8 45. Bd5 Qc1+ 46. Kg2 Qd2+ 47. Kh3 Qc3 48. Kg4 Qxf3+ 49. Bxf3 Ke7
50. Kf5 Bd2 51. Bd5 Bb4 52. Kg5 f6+ 1/2-1/2

[Event "It"]
[Site "Pamplona ESP"]
[Date "2002.01.01"]
[Round "5"]
[White "Almasi,Z"]
[Black "De la Riva Aguado,O"]
[Result "1-0"]
[WhiteElo "2630"]
[BlackElo "2495"]
[EventDate "2001.12.27"]

1. e4 c5 2. Nf3 Nc6 3. d4 cxd4 4. Nxd4 Qc7 5. Nc3 e6 6. Be2 a6 7. O-O Nf6
8. Be3 Be7 9. f4 d6 10. Kh1 O-O 11. a4 Nxd4 12. Qxd4 e5 13. Qd3 exf4 14.
Bxf4 Be6 15. Qg3 Rad8 16. Rad1 Qb6 17. Be3 Qc7 18. Bd4 Ne8 19. Bd3 g6 20.
Qe3 Rc8 21. Nd5 Bxd5 22. exd5 Qd8 23. Qh3 f5 24. g4 Bf6 25. gxf5 g5 26. Be3
Ng7 27. Bxg5 Bxg5 28. f6 Rxf6 29. Qxh7+ Kf8 30. Bg6 Rxf1+ 31. Rxf1+ Bf6 32.
Re1 1-0

[Event "It"]
[Site "Pamplona ESP"]
[Date "2002.01.01"]
[Round "5"]
[White "Conquest,S"]
[Black "Moreno Carnero,J"]
[Result "1-0"]
[WhiteElo "2601"]
[BlackElo "2514"]
[EventDate "2001.12.27"]

1. d4 Nf6 2. c4 g6 3. Nc3 Bg7 4. e4 d6 5. h3 O-O 6. Bg5 Qe8 7. Bd3 Na6 8.
Nge2 e5 9. d5 Nh5 10. O-O f5 11. exf5 gxf5 12. Ng3 Nf4 13. Bxf4 exf4 14.
Nh5 Be5 15. Qf3 Qg6 16. Nxf4 Qh6 17. g3 Nc5 18. Rfe1 Bd7 19. Bf1 Rf7 20.
Rad1 Rg7 21. Kh2 Rf8 22. Nb5 Bxb5 23. cxb5 Bxb2 24. Ne6 Nxe6 25. dxe6 Be5
26. Bc4 Kh8 27. Kg2 Qg5 28. Kf1 b6 29. Bd5 Qh6 30. Kg2 Qg5 31. Rd3 h5 32.
Kf1 Rf6 33. Ke2 h4 34. Kd1 hxg3 35. fxg3 Qg6 36. Kc2 Qe8 37. Bc4 Rxg3 38.
Qc6 Qxc6 39. bxc6 Rxd3 40. e7 Rc3+ 41. Kb1 1-0

[Event "It"]
[Site "Pamplona ESP"]
[Date "2002.01.02"]
[Round "6"]
[White "Andersson,U"]
[Black "Conquest,S"]
[Result "1-0"]
[WhiteElo "2601"]
[BlackElo "2601"]
[EventDate "2001.12.27"]

1. Nf3 d5 2. d4 c6 3. c4 dxc4 4. e3 Be6 5. Nc3 b5 6. a4 b4 7. Ne4 Nf6 8.
Nc5 Bd5 9. Bd2 e6 10. Rc1 Bxc5 11. dxc5 Na6 12. Bxc4 Nxc5 13. Bxb4 Qb6 14.
Bxc5 Qxc5 15. Bxd5 Qxd5 16. O-O O-O 17. Qc2 Rfc8 18. Rfd1 Qa5 19. h3 h6 20.
Rd4 Rab8 21. Rc4 c5 22. Ne5 Rb4 23. Rxc5 Rxc5 24. Qxc5 Qxc5 25. Rxc5 Rxa4
26. Rc8+ Kh7 27. Nxf7 Ra1+ 28. Kh2 Ra2 29. Rh8+ Kg6 30. Ne5+ Kf5 31. Nd3 e5
32. Rb8 a6 33. Rb6 Ra5 34. f3 h5 35. e4+ Kg6 36. Kg3 Kf7 37. Rb7+ Kf8 38.
Kh4 1-0

[Event "It"]
[Site "Pamplona ESP"]
[Date "2002.01.02"]
[Round "6"]
[White "Bologan,V"]
[Black "Fressinet,L"]
[Result "1-0"]
[WhiteElo "2668"]
[BlackElo "2588"]
[EventDate "2001.12.27"]

1. e4 c5 2. Nf3 d6 3. d4 cxd4 4. Nxd4 Nf6 5. Nc3 a6 6. f3 e5 7. Nb3 Be6 8.
Be3 Be7 9. Qd2 O-O 10. O-O-O Nbd7 11. g4 Qc7 12. g5 Nh5 13. Kb1 b5 14. Nd5
Bxd5 15. exd5 Nb6 16. Na5 Nxd5 17. Qxd5 Qxa5 18. c4 Qb4 19. Rg1 Rab8 20.
cxb5 axb5 21. a3 Qa4 22. Rg4 Nf4 23. Bxf4 exf4 24. Rd4 Qa5 25. Re4 Qd8 26.
Bxb5 Kh8 27. Rexf4 Qb6 28. a4 Qc5 29. Rd4 f5 30. Rg2 Rfc8 31. Qxc5 Rxc5 32.
f4 g6 33. b4 Rc3 34. Rc2 Rf3 35. Bc6 Rf1+ 36. Ka2 Bf8 37. b5 Bg7 38. Rcd2
Bxd4 39. Rxd4 Rc1 40. a5 1-0

[Event "It"]
[Site "Pamplona ESP"]
[Date "2002.01.02"]
[Round "6"]
[White "Moreno Carnero,J"]
[Black "Almasi,Z"]
[Result "1/2-1/2"]
[WhiteElo "2514"]
[BlackElo "2630"]
[EventDate "2001.12.27"]

1. e4 e5 2. Nf3 Nc6 3. Bb5 a6 4. Ba4 Nf6 5. O-O Be7 6. Re1 b5 7. Bb3 O-O 8.
h3 Bb7 9. d3 d6 10. a3 Nb8 11. Nbd2 Nbd7 12. Nf1 Nc5 13. Ba2 Ne6 14. Ng3
Re8 15. Ng5 Nxg5 16. Bxg5 h6 17. Bxf6 Bxf6 18. Qh5 Rf8 19. Re3 Bg5 20. Rf3
d5 21. Bxd5 Bxd5 22. exd5 g6 23. Qg4 f5 24. Qb4 Qxd5 25. Re1 c5 26. Qa5 Qd6
27. Qc3 Rae8 28. b4 c4 29. Nf1 Qd4 30. dxc4 bxc4 31. Qxd4 exd4 32. Rd1 Rd8
33. g3 h5 34. h4 Bh6 35. a4 Rfe8 36. b5 axb5 37. axb5 d3 38. cxd3 c3 39.
Ne3 Rb8 40. Rb1 Re5 41. Rc1 Rc8 42. Rb1 Rb8 43. Rc1 Rc5 44. d4 Rc7 45. Rb1
Bxe3 46. Rxe3 c2 47. Rc1 Rxb5 48. Kf1 f4 49. gxf4 Rb1 50. Ree1 Rxc1 51.
Rxc1 Rc4 52. Ke2 Rxd4 53. Rxc2 Rxf4 54. Ke3 Rxh4 55. f4 Rh3+ 56. Ke4 Ra3
57. f5 Ra4+ 58. Ke5 1/2-1/2

[Event "It"]
[Site "Pamplona ESP"]
[Date "2002.01.02"]
[Round "6"]
[White "Narciso Dublan,M"]
[Black "Leitao,R"]
[Result "1/2-1/2"]
[WhiteElo "2517"]
[BlackElo "2581"]
[EventDate "2001.12.27"]

1. e4 c5 2. c3 Nf6 3. e5 Nd5 4. d4 cxd4 5. Nf3 e6 6. cxd4 d6 7. Bc4 Nb6 8.
Bd3 Nc6 9. O-O Nb4 10. Bg5 Be7 11. Bxe7 Qxe7 12. exd6 Qxd6 13. Be4 N4d5 14.
Ne5 O-O 15. Nc3 Bd7 16. Rc1 Bc6 17. Nxc6 bxc6 18. Bb1 Rac8 19. Qd3 g6 20.
Ne4 Qb4 21. Rc2 Rfd8 22. a3 Qf8 23. Rfc1 Qg7 24. Rxc6 Rxc6 25. Rxc6 Nf4 26.
Qf1 Qxd4 27. g3 Nfd5 28. Qe2 Na4 29. Rc2 Rb8 30. Ba2 Rxb2 31. Rxb2 Nxb2 32.
Qf3 Kg7 33. Bb3 Nd3 34. Nd6 Qa1+ 35. Qd1 Qxd1+ 36. Bxd1 Kf6 37. Be2 Nc5 38.
f4 Nc3 39. Bf3 Nb1 40. Nc4 Nb3 41. Be2 N3d2 42. Na5 Nc3 43. Kf2 Ndb1 44.
Nc6 Nxe2 45. Kxe2 a6 46. Nb8 Nxa3 47. Nxa6 Nb5 48. Nc5 Ke7 49. Ne4 Nc7 50.
Ng5 h6 51. Nf3 Nd5 52. Ne5 Nf6 53. Kf3 Nd7 54. Ng4 h5 55. Ne3 Kd6 56. h3
Kc5 57. g4 hxg4+ 58. hxg4 Kd4 59. Nc2+ Kc3 60. Ne3 Kd3 61. g5 e5 62. fxe5
Nxe5+ 63. Kf4 Nc6 64. Ng4 Kd4 65. Ne3 Nd8 66. Nc2+ Kd3 67. Nb4+ Kc3 68.
Nd5+ Kd4 69. Nf6 Ne6+ 70. Kg4 Nc7 71. Ng8 Ke5 72. Nh6 Ke6 73. Kf4 1/2-1/2

[Event "It"]
[Site "Pamplona ESP"]
[Date "2002.01.02"]
[Round "6"]
[White "De la Riva Aguado,O"]
[Black "Radjabov,T"]
[Result "1-0"]
[WhiteElo "2495"]
[BlackElo "2567"]
[EventDate "2001.12.27"]

1. e4 e6 2. d4 d5 3. Nc3 Nf6 4. Bg5 dxe4 5. Nxe4 Be7 6. Bxf6 Bxf6 7. Nf3
Nd7 8. Bc4 O-O 9. Qe2 Be7 10. O-O-O c5 11. Kb1 Qa5 12. d5 exd5 13. Rxd5 b5
14. Bxb5 Nf6 15. Re5 Nxe4 16. Rxe4 Bf6 17. Bc4 Rb8 18. Ne5 Bf5 19. Re3 Rb6
20. f4 Bxe5 21. Rxe5 g6 22. g4 Qb4 23. Bb3 Bc8 24. Re8 c4 25. a3 Qc5 26.
Rxf8+ Qxf8 27. Qxc4 Bxg4 28. Qc7 Rf6 29. Re1 h5 30. Re4 a6 31. Rd4 Kh7 32.
Rd8 Qg7 33. h4 Be6 34. Bxe6 Rxe6 35. Rd7 Rf6 36. Qe5 Rf5 37. Qxg7+ Kxg7 38.
Rd4 Kf6 39. b4 Rb5 40. c4 Rb8 41. Rd5 Re8 42. b5 Rc8 43. b6 Ke6 44. Rc5 Rb8
45. Rc6+ Kf5 46. c5 Kxf4 47. Rc7 g5 48. Rxf7+ Ke5 49. hxg5 Kd5 50. Rf5+ Kc6
51. g6 h4 52. g7 h3 53. Kc2 h2 54. Rh5 Rg8 55. Rh6+ Kb7 56. Rxh2 Rxg7 57.
Kb3 Kc6 58. Kb4 Rg4+ 59. Ka5 Rg8 60. Rh6+ Kxc5 61. b7 Rg3 62. Rh5+ Kc4 63.
Rh4+ Kc5 64. b8=Q 1-0

[Event "It"]
[Site "Pamplona ESP"]
[Date "2002.01.03"]
[Round "7"]
[White "Fressinet,L"]
[Black "Narciso Dublan,M"]
[Result "1-0"]
[WhiteElo "2588"]
[BlackElo "2517"]
[EventDate "2001.12.27"]

1. Nf3 d6 2. d4 Bg4 3. c4 Nd7 4. g3 Bxf3 5. exf3 c6 6. d5 g6 7. Bg2 Bg7 8.
O-O Ngf6 9. Nc3 O-O 10. f4 Nb6 11. Qe2 cxd5 12. cxd5 Nfd7 13. Rd1 Bxc3 14.
bxc3 Na4 15. Rd3 Qa5 16. Re3 Rfe8 17. Bd2 Qa6 18. c4 Ndb6 19. Bf1 Nc5 20.
Rxe7 Rxe7 21. Qxe7 Qa3 22. Re1 Ncd7 23. Bh3 Qb2 24. Be3 Qc3 25. Rb1 Qf6 26.
Qe4 Nc5 27. Qc2 Re8 28. Rd1 Nbd7 29. Qb1 Qd8 30. Bd4 Qa5 31. Bf1 Nb6 32. f5
Nbd7 33. Qc1 Ne5 34. Qh6 Qd8 35. Ba1 Qg5 36. Qxg5 Nf3+ 37. Kg2 Nxg5 38. f3
h5 39. h4 Nh7 40. fxg6 fxg6 41. Bd4 Nd7 42. Kf2 Nhf8 43. Re1 Rxe1 44. Kxe1
b6 45. Kd2 Nb8 46. Bh3 Na6 47. Bc8 Nc7 48. a4 Kf7 49. Kc3 Ke7 50. Kb4 Kd8
51. Bh3 Nd7 52. Bxd7 Kxd7 53. a5 1-0

[Event "It"]
[Site "Pamplona ESP"]
[Date "2002.01.03"]
[Round "7"]
[White "Radjabov,T"]
[Black "Moreno Carnero,J"]
[Result "1/2-1/2"]
[WhiteElo "2567"]
[BlackElo "2514"]
[EventDate "2001.12.27"]

1. d4 Nf6 2. c4 g6 3. Nc3 Bg7 4. e4 d6 5. Be2 O-O 6. Nf3 e5 7. O-O Nc6 8.
d5 Ne7 9. b4 Nh5 10. Re1 f5 11. Ng5 Nf6 12. Bf3 c6 13. Be3 cxd5 14. cxd5 h6
15. Ne6 Bxe6 16. dxe6 fxe4 17. Nxe4 Nxe4 18. Bxe4 d5 19. Bc2 b6 20. Qg4 e4
21. Rad1 Qc7 22. Bb3 Rf5 23. Qe2 Raf8 24. Rf1 1/2-1/2

[Event "It"]
[Site "Pamplona ESP"]
[Date "2002.01.03"]
[Round "7"]
[White "Almasi,Z"]
[Black "Andersson,U"]
[Result "1-0"]
[WhiteElo "2630"]
[BlackElo "2601"]
[EventDate "2001.12.27"]

1. e4 c5 2. Nf3 e6 3. d4 cxd4 4. Nxd4 Nc6 5. Nc3 a6 6. Be2 Qc7 7. O-O Nf6
8. Be3 Bb4 9. Na4 Be7 10. Nxc6 bxc6 11. Nb6 Rb8 12. Nxc8 Qxc8 13. Bd4 c5
14. Be5 Rb6 15. Qd3 d6 16. Bc3 O-O 17. b3 Rc6 18. Qg3 g6 19. Qf4 Qd8 20.
Rad1 d5 21. exd5 exd5 22. Bf3 Re6 23. Rfe1 Bd6 24. Qh4 Rxe1+ 25. Rxe1 d4
26. Bd2 Nd7 27. Qxd8 Rxd8 28. Bb7 Ne5 29. h3 c4 30. bxc4 Nxc4 31. Bg5 Rb8
32. Bxa6 Na3 33. Bd3 Kg7 34. Bc1 h5 35. g3 Nb1 36. a4 Bb4 37. Bf4 Bxe1 38.
Bxb8 Ba5 39. Be5+ 1-0

[Event "It"]
[Site "Pamplona ESP"]
[Date "2002.01.03"]
[Round "7"]
[White "Leitao,R"]
[Black "De la Riva Aguado,O"]
[Result "1-0"]
[WhiteElo "2581"]
[BlackElo "2495"]
[EventDate "2001.12.27"]

1. d4 f5 2. g3 Nf6 3. Bg2 g6 4. Nf3 Bg7 5. O-O O-O 6. b3 d6 7. Bb2 Qe8 8.
c4 e5 9. dxe5 Ng4 10. Qd2 Nxe5 11. Nc3 Na6 12. Rae1 Nc5 13. Nxe5 dxe5 14.
Ba3 Ne6 15. Bxf8 Qxf8 16. Kh1 c6 17. Rc1 h5 18. Na4 h4 19. Rcd1 Qf6 20. Qa5
Qe7 21. Rd2 e4 22. e3 hxg3 23. hxg3 c5 24. Rfd1 b6 25. Qb5 Rb8 26. Qc6 Be5
27. Kg1 Qf6 28. Qe8+ Kh7 29. Kf1 Ng7 30. Qd8 Be6 31. Qxf6 Bxf6 32. Rc1 Kg8
33. Nc3 Be5 34. Nd5 Kf7 35. Nf4 Bc8 36. Ke2 g5 37. Nd5 Be6 38. Rh1 b5 39.
cxb5 Rxb5 40. Rc1 Ne8 41. Bf1 Ra5 42. Ke1 Nd6 43. Nc7 f4 44. gxf4 gxf4 45.
Nxe6 Kxe6 46. Rcc2 fxe3 47. fxe3 Bg3+ 48. Kd1 Ke5 49. Bc4 Nf5 50. Rd5+ Kf6
51. Ke2 Bh4 52. a4 1-0